| 000 | 00490nam a22001697a 4500 | ||
|---|---|---|---|
| 999 |
_c64196 _d64196 |
||
| 005 | 20260501112633.0 | ||
| 008 | 260501s1996 enk||||| |||| 00| 0 eng d | ||
| 020 | _a9780192800473x | ||
| 041 | _aeng | ||
| 080 | _a338.22(038) A-10 | ||
| 245 | _aA Dictionary of Business. | ||
| 250 | _aSecond edition | ||
| 264 |
_aOxford : _bOxford University Press, _c1996. |
||
| 300 |
_a540 p.; _b20 cm. |
||
| 653 | _aბიზნესის ლექსიკონი | ||
| 942 |
_2udc _cᲬᲘᲒᲜᲘ |
||